| 000 | 00971nam a2200361 a 4500 | ||
|---|---|---|---|
| 003 | AR-BaBNM | ||
| 005 | 20251128203149.0 | ||
| 008 | 082120s2002 ||||||||||||||000 | spa|| | ||
| 040 | _cAR-BaBNM | ||
| 100 | 1 | _aGalván Moreno, C. | |
| 245 | 0 | 0 |
_aSan Martín _bel Libertador |
| 260 |
_aBuenos Aires _bClaridad _c1942 |
||
| 300 |
_a413 p. _bil., láms. |
||
| 490 | 0 |
_aBiblioteca de grandes biografías _vv. 2 |
|
| 500 | _aContiene cronología para consultar p. 19-23. | ||
| 650 | 4 | _aHISTORIA ARGENTINA | |
| 650 | 4 | _aBIOGRAFIAS | |
| 650 | 4 | _aPOLITICA | |
| 650 | 4 | _aDERECHO | |
| 650 | 4 | _aHISTORIA | |
| 650 | 4 | _aGUERRAS DE LA INDEPENDENCIA | |
| 650 | 4 | _aHISTORIA DE LAS IDEAS | |
| 650 | 4 | _aCAUDILLOS ARGENTINOS | |
| 650 | 4 | _aMONTONERAS | |
| 651 | 4 | _aPerú | |
| 651 | 4 | _aChile | |
| 651 | 4 | _aArgentina | |
| 655 | _aBIOGRAFIAS | ||
| 700 | 1 |
_aOlascoaga, Laurentino _eprologuista |
|
| 700 | 1 |
_aRossi, Luis _eilustrador |
|
| 942 | _cBK | ||
| 998 | _cmariana | ||
| 999 |
_c2188 _d2188 |
||